000
00308nam a2200121Ia 4500
008
190216s9999||||xx |||||||||||||| ||und||
100
_a
Simon Kuznets
245
0
_a
Economic Growth And Structure
260
_b
Oxford And Ibh Publishing Co. Pvt Ltd
_c
1974
300
_a
378p
650
_a
Economics
942
_c
BK
999
_c
9315
_d
9315